| 000 | 00529nam a2200181 a 4500 | ||
|---|---|---|---|
| 005 | 20210223125145.0 | ||
| 008 | 031007s1957 ea r 000 0 fre d | ||
| 035 | _aUPN01000129628 | ||
| 049 | _aCG | ||
| 050 | 4 |
_aTX353 _bA4.9 |
|
| 245 | 0 | 2 |
_aL'alimentation et la faim / _ced. Josué de Castro. |
| 260 |
_aLondon : _bFMTS, _c1957. |
||
| 300 | _a131 p. | ||
| 500 | _aEdición especial de Science et Humanite | ||
| 650 | 4 |
_aNUTRICION - _vCONGRESOS _922593 |
|
| 700 | 1 |
_aCastro, Josué de, _d1908-1973 _eed. _941224 |
|
| 905 | _aLibro | ||
| 999 |
_c101800 _d101800 |
||